000 00842nam a22001577a 4500
003 OSt
005 20151026095318.0
008 151026b xxu||||| |||| 00| 0 eng d
040 _cRAU
082 _aAVM KRI 2013 B105 Or.1
100 _92893
_aKRIM KIMRNG
245 _aThe observation on the common disease of avian broiler under semi-industrial raising system in kongpisey district, kampong speu province, (ការអង្កេតពីជំងឺសំខាន់ដែលជួបប្រទះចំពោះមាន់សាច់ពូជ AVIAN ចិញ្ចឹមជាលក្ខណះពាក់កណ្ដាលឧស្សាហកម្ម នៅស្រុកគងពិសី ខេត្តកំពង់ស្ពឺ)
260 _aPhnom Penh
_bRua
_c2013
300 _ax; 41p.
_bill.
_c29cm.
942 _2ddc
_cAVM
999 _c2711
_d2711